Name that Fruit - Statistics

General Stats
  • This quiz has been taken 22 times
  • The average score is 4 of 12
Answer Stats
Picture Answer % Correct
Mango
89%
Dragon fruit
84%
Passion fruit
63%
Durian
53%
Jackfruit
47%
Tamarind
21%
Horned Melon
11%
Longan
11%
Buddha's hand
5%
Cherimoya
0%
Salak fruit
0%
Sapodilla
0%
No matching quizzes found
Score Distribution
Percent of People with Each Score
Percentile by Number Answered
Your Score History
You have not taken this quiz